| 000 | 00354nam a2200157Ia 4500 | ||
|---|---|---|---|
| 008 | 210210b1947 xxu||||| |||| 00| 0 eng d | ||
| 041 | _aeng | ||
| 082 | _a580/293 | ||
| 100 | _aTHODAY (D) | ||
| 245 | _aPlant physiology | ||
| 260 |
_aLondon _bJ & A Churchill _c1947 |
||
| 650 | _aPlant | ||
| 650 | _aphysiology | ||
| 690 | _aBotany | ||
| 906 | _a010548 | ||
| 999 |
_c138316 _d138316 |
||